Beryllium
Αποθηκεύτηκε σε:
| Συγγραφή απο Οργανισμό/Αρχή: | |
|---|---|
| Μορφή: | Βιβλίο |
| Γλώσσα: | English |
| Δημοσίευση: |
Geneva :
World Health Organization,
c1990
|
| Σειρά: | Environmental health criteria ;
; 106 |
| Θέματα: | |
| Ετικέτες: |
Προσθήκη ετικέτας
Δεν υπάρχουν, Καταχωρήστε ετικέτα πρώτοι!
|
MARC
| LEADER | 00000nam a2200000 i 4500 | ||
|---|---|---|---|
| 001 | 1/68583 | ||
| 008 | 931202s eng d | ||
| 020 | |a 92-4-157106-3 | ||
| 035 | |a ΛΕΣΒΟΣb10002095 |l 10002095 | ||
| 040 | |a GR-MY-UA |b gre |e aacr | ||
| 041 | 0 | |a eng | |
| 082 | 0 | |a 669.724 | |
| 110 | 2 | |a International Programme on Chemical Safety. | |
| 245 | 1 | 0 | |a Beryllium / |c International Programme on Chemical Safety |
| 260 | |a Geneva : |b World Health Organization, |c c1990 | ||
| 300 | |a 210 p. | ||
| 490 | 1 | |a Environmental health criteria |v ; 106 |x 0-250-863X | |
| 500 | |a Published under the joint sponsorship of the United Nations Environment Programme, the International Labour Organisation, and the World Health Organization.Includes bibliographical referenses. | ||
| 650 | 0 | 0 | |a Beryllium. |
| 650 | 0 | 0 | |a Environmental health. |
| 830 | 0 | |a Environmental health criteria ; |v ; 106 |x 0-250-863X | |
| 852 | |a INST |b LESVOS |e 19931202 |h 669.724 BER |p 005100005923 |q 005100005923 |t BK |y 0 | ||
| 909 | |a Λ |b 027526 | ||